Ungeschriebenes Verfassungsrecht im monarchischen Bundesstaat [különlenyomat] /

Elmentve itt :
Bibliográfiai részletek
Szerző: Smend Rudolf
Dokumentumtípus: Cikk
Megjelent: 1916
Sorozat:Kolligátum
Kulcsszavak:Alkotmányjog, Államjog - alkotmányos monarchia
Online Access:http://misc.bibl.u-szeged.hu/23456
LEADER 00607nab a2200169 i 4500
001 misc23456
005 20191108150419.0
008 170802s1916 hu o 0|| zxx d
040 |a SZTE Miscellanea Repozitórium  |b hun 
041 |a zxx 
100 1 |a Smend Rudolf 
245 1 0 |a Ungeschriebenes Verfassungsrecht im monarchischen Bundesstaat   |h [elektronikus dokumentum] :  |b [különlenyomat] /  |c  Smend Rudolf 
260 |c 1916 
300 |a 243-270 
490 0 |a Kolligátum 
695 |a Alkotmányjog, Államjog - alkotmányos monarchia 
856 4 0 |u http://misc.bibl.u-szeged.hu/23456/1/87588_243-270.pdf  |z Dokumentum-elérés